| 000 | 00380 a2200169 4500 | ||
|---|---|---|---|
| 001 | 74339 | ||
| 020 | _a9788580101492 | ||
| 040 | _cAnchieta - Colégio São Paulo | ||
| 100 | _aMoreira, Ubirajara Araújo. | ||
| 240 | 1 | 0 |
_aHistória _lpor |
| 245 | 1 | 0 | _aHistória |
| 300 | _a168 | ||
| 362 | 0 | _a2011 | |
| 440 | 1 | _aEditora do Brasil | |
| 650 | 4 | _aHistória do mundo | |
| 942 | _cBK | ||
| 999 |
_c74339 _d74339 |
||